000 00653nam a2200193Ia 4500
008 090123s9999 xx 000 0 und d
082 _b39379
_a891.463/चंेस
100 _aजेम्स हॅडले चेस
245 _aफ्रोझन डेथ
250 _a1
260 _bनंदादीप बुक सर्व्हिस
_c2006
300 _a174
600 _aजेम्स हॅडले चेस
630 _aफ्रोझन डेथ
700 _aहुद्दार मधुकर
700 _aजेम्स हॅडले चेस
730 _aफ्रोझन डेथ
942 _cBOOK
999 _c77449
_d77449